La arquitectura en la sociedad de masas

Сохранить в:
Библиографические подробности
Главные авторы: Tedeschi, Enrico (Автор), Rodríguez Bustamente, Norberto (Автор)
Формат:
Язык:испанский
Опубликовано: Buenos Aires Paidos 1962
Серии:Cuadernos del Taller. Serie Crónica y polémica de la arquitectura, 11
Предметы:
Метки: Добавить метку
Нет меток, Требуется 1-ая метка записи!

MARC

LEADER 00000nam a2200000 a 4500
001 UCV9381
003 CL-VaPUC
008 920826e19620000AG |||||||||||||||||spa|d
082 0 4 |a 307.76  |b TED  |2 21 
100 0 |a Tedeschi, Enrico  |e author  |9 303386 
700 0 |a Rodríguez Bustamente, Norberto  |e author  |9 303387 
245 1 3 |a La arquitectura en la sociedad de masas 
300 |a 53 p 
942 |c BK 
945 |d 19920826 00:00:00 
260 |a Buenos Aires  |b Paidos  |c 1962 
650 0 |a Sociedad de masas  |9 268060 
583 |a last modification  |c 19920826 00:00:00  |k Rodrigo Vera 
490 0 |a Cuadernos del Taller. Serie Crónica y polémica de la arquitectura, 11 
999 |c 214727  |d 214725 
952 |0 0  |1 0  |4 0  |6 307_760000000000000_TED_1962  |7 0  |8 P  |9 198399  |a BIBARQ  |b BIBARQ  |d 2019-11-14  |i 2658739  |o 307.76 TED 1962  |p 2658739  |r 2025-01-20  |w 2019-11-14  |y BK  |k ARQ